Obce okresu Plzeň-jih - Statistics

General Stats
  • This quiz has been taken 11 times
  • The average score is 9 of 99
Answer Stats
Počet obyvatel Odpověď % Correct
6 792 Přeštice
80%
3 562 Nepomuk
60%
4 207 Blovice
50%
6 504 Dobřany
50%
240 Chlum
30%
2 442 Chlumčany
30%
3 008 Spálené Poříčí
30%
3 048 Chotěšov
20%
214 Hradiště
20%
1 441 Kasejovice
20%
691 Letiny
20%
2 341 Štěnovice
20%
3 646 Stod
20%
486 Žákava
20%
96 Borovno
10%
221 Borovy
10%
248 Buková
10%
101 Čečovice
10%
633 Chocenice
10%
293 Dolce
10%
1 091 Dolní Lukavice
10%
133 Drahkov
10%
5 647 Holýšov
10%
254 Horní Kamenice
10%
509 Horní Lukavice
10%
620 Hradec
10%
220 Jarov
10%
285 Kbel
10%
214 Klášter
10%
303 Kotovice
10%
139 Lisov
10%
705 Lužany
10%
210 Měcholupy
10%
1 188 Merklín
10%
114 Míšov
10%
670 Mladý Smolivec
10%
717 Neurazy
10%
106 Nezdřev
10%
299 Nová Ves
10%
359 Nové Mitrovice
10%
345 Oselce
10%
228 Prádlo
10%
263 Předenice
10%
112 Radkovice
10%
931 Řenče
10%
325 Seč
10%
221 Skašov
10%
149 Střelice
10%
372 Střížovice
10%
347 Ves Touškov
10%
80 Vlčí
10%
96 Vlčtejn
10%
386 Vrčeň
10%
666 Zdemyslice
10%
853 Žinkovy
10%
58 Životice
10%
58 Bolkov
0%
130 Bukovec
0%
141 Černovice
0%
103 Chlumy
0%
558 Čižice
0%
668 Čížkov
0%
127 Čmelíny
0%
898 Dnešice
0%
425 Horšice
0%
279 Hozenovice
0%
101 Kozlovice
0%
110 Kramolín
0%
448 Kvíčovice
0%
151 Líšina
0%
114 Louňová
0%
355 Mileč
0%
224 Milínov
0%
74 Mohelnice
0%
385 Nebílovy
0%
196 Nekvasovy
0%
214 Netunice
0%
155 Neuměř
0%
211 Nezdice
0%
350 Oplot
0%
146 Otěšice
0%
49 Polánka
0%
228 Přestavlky
0%
1 231 Příchovice
0%
207 Ptenín
0%
273 Roupov
0%
137 Sedliště
0%
620 Soběkury
0%
169 Srby
0%
85 Štichov
0%
107 Tojice
0%
115 Třebčice
0%
54 Týniště
0%
160 Únětice
0%
727 Útušice
0%
104 Všekary
0%
576 Vstiš
0%
491 Ždírec
0%
345 Zemětice
0%
No matching quizzes found
Score Distribution
Percent of People with Each Score
Percentile by Number Answered
Your Score History
You have not taken this quiz